000 00460nam a22001697a 4500
003 MACL
005 20160802123237.0
008 160802b xxu||||| |||| 00| 0 eng d
040 _cMACL
041 _aEnglish
082 _a330 CHA
100 _aChakrabarti, Syamal
_965926
245 _aRailways And Bengal Economy
_bA Micro Study On Locomotion 1854-1900
_cSyamal Chakrabarti
260 _aKolkata
_c2011
650 _aEconomy
_965927
942 _2ddc
_cBK
999 _c55420
_d55420